000 00240nam a2200097Ia 4500
001 655697
005 20250826154542.0
008 250824s9999 xx 000 0 und d
245 0 _aDalgalar Dedikoduyu Sever
_cSevim Ak
260 _bCAN YAYINLARI
999 _c655697
_d655697